000 00358nam a2200169Ia 4500
100 _aKeogh/James
650 _aJava
942 _cBK
366 _f20
654 _aJ2ME
245 _aComplete Reference J2ME
260 _bTata Mc Graw hill pub co
_aNew Delhi
_c2003
082 _a005.133J/KEO
_bKEO
300 _a758
546 _aENGLISH
999 _c31000
_d31000